Biblioteca

Antología general (Registro nro. 65963)

Detalles MARC
000 -LÍDER
Campo fijo de descripción fija 01431nam a2200325 i 4500
001 - NÚMERO DE CONTROL
Campo de control 768714001
003 - IDENTIFICADOR DEL NÚMERO DE CONTROL
Campo de control CO-MdFUSB
005 - FECHA Y HORA DE LA ULTIMA TRANSACCIÓN
control field 20210306101349.0
007 - CAMPO FIJO DE DESCRIPCIÓN FIJA--INFORMACIÓN GENERAL
Campo fijo de descripción fija ta
008 - ELEMENTOS DE LONGITUD FIJA -- INFORMACIÓN GENERAL
Campo fijo de descripción fija -- Información general 200602t2010 sp a|||| |||| 00| 0 spa d
020 ## - NÚMERO INTERNACIONAL NORMALIZADO PARA LIBROS
Número Internacional Normalizado del libro 9788420404967
040 ## - FUENTE DE CATALOGACIÓN
Agencia de catalogación original CO-MdFUSB
Idioma de catalogación spa
Agencia que realiza la transcripción CO-MdFUSB
Agencia que realiza la modificación CO-MdFUSBC
Convenciones de la descripción rda
041 ## - CÓDIGO DE IDIOMA
Código de idioma para texto/pista de sonido o título separado spa
082 ## - NÚMERO DE CLASIFICACIÓN DECIMAL DEWEY
Número de la edición del Dewey 23
Número de clasificación 861.6
Clave de autor-Numero de item N454
100 ## - ASIENTO PRINCIPAL--NOMBRE PERSONAL
Nombre personal Neruda, Pablo
Fechas asociadas con el nombre 1904-1973
Término relacionador autor
245 ## - TÍTULO
Título del Material Antología general
Mención de responsabilidad, etc. / Pablo Neruda.
264 #1 - PRODUCCIÓN, PUBLICACIÓN, DISTRIBUCIÓN, MANUFACTURA, Y COPYRIGHT
Lugar de producción, publicación, distribución, manufactura Madrid, España :
Nombre del productor, publicador, distribuidor Alfaguara,
Fecha de producción, publicación, distribución, manufactura, o copyright [2010]
264 #4 - PRODUCCIÓN, PUBLICACIÓN, DISTRIBUCIÓN, MANUFACTURA, Y COPYRIGHT
Fecha de producción, publicación, distribución, manufactura, o copyright © 2010
300 ## - DESCRIPCIÓN FÍSICA
Extensión 714 páginas
Dimensiones ; 21 cm
336 ## - TIPO DE CONTENIDO
Fuente rdacontent
Término de tipo de contenido texto
Código de tipo de contenido txt
337 ## - TIPO DE MEDIO
Fuente rdamedia
Nombre del tipo de medio sin mediación
Código del tipo de medio n
338 ## - TIPO DE SOPORTE
Fuente rdacarrier
Nombre del tipo de soporte volumen
Código Tipo de soporte nc
505 ## - NOTA DE CONTENIDO
Nota de contenido con formato preestablecido El último Neruda / Jorge Edwards -- Pablo Neruda: entre lo inhabitado y la fraternidad / Alain Sicard -- Pablo Neruda y la tradición poética: sombra y luz de un diálogo entre siglos / Selena Millares -- Guía a esta selección de Neruda (nota al texto) / Hernán Loyola -- Antología general -- Evocaciones y lecturas nerudianas / Marco Martos Carrera, José Luis Vega, Pere Gimferrer, Andrés Gallardo, Francisco Brines, Eduardo Lizalde -- Bibliografía / Hernán Loyola -- Glosario y índice onomástico / Manuel Jofré, Carlos Dominguez.
563 ## - NOTA DE ENCUADERNACIÓN
Nota de encuadernación Rústico
650 #7 - ASIENTO SECUNDARIO DE MATERIA - TERMINO TEMÁTICO
Fuente del encabezamiento o término embne
9 (RLIN) 2265
Término temático o nombre geográfico como elemento de entrada Literatura hispanoamericana
653 ## - TÉRMINO DE INDIZACIÓN - NO CONTROLADO
Término no controlado Literatura chilena
653 ## - TÉRMINO DE INDIZACIÓN - NO CONTROLADO
Término no controlado Poesía chilena.
942 ## - TIPO DE MATERIAL (KOHA)
Tipo de Item KOHA Libros General
945 ## - INFORMACIÓN LOCAL DEL REGISTRO
Catalogador JTF-925
Existencias
Estado de Material Estado de Perdido Forma de Clasificación Estado de Dañado No para Préstamo Colección Biblioteca de Origen Biblioteca Permanente Fecha de Adquisición Forma de Adquisición Área Total de Préstamos Signatura Topográfica Código de Barras Última vez visto Ejemplar/Existencia Fecha de Remplazo Tipo de Material
    Dewey Decimal Classification     Colección General Biblioteca FUSBC Biblioteca FUSBC 02/06/2020 Donación Atiencia LITERATURA   G 861.6 N454a 1327 02/06/2020 Ej.1 02/06/2020 Libros General

Biblioteca FUSBC | Teléfono: (57+4) 349 88 10 Ext. 141| WhatsApp (+57) 3005338115 
E-mail: biblioteca@unisbc.edu.co | Calle 76 87-14 Robledo Palenque, Medellín, Colombia

Con tecnología Koha